| 000 | 00746nam a22002417a 4500 | ||
|---|---|---|---|
| 003 | URS | ||
| 005 | 20250313162358.0 | ||
| 008 | 250213b |||||||| |||| 00| 0 eng d | ||
| 020 | _a9789718219928 | ||
| 050 | 1 | 4 |
_aZ 53 _bR6643 2022 |
| 040 |
_beng _cURS _dURS _erda |
||
| 100 | 1 |
_aRomero, Ethelmay R. _eauthor. |
|
| 245 |
_aWorkbook sa takigrapiyang Filipino _cEthelmay R. Romero. |
||
| 264 | 1 |
_aaMalabon City _bMutya Publishing House, Inc. _c[2022] |
|
| 264 | 4 | _c©2022 | |
| 300 |
_a258 pages _c26 cm |
||
| 336 |
_2rdacontent _atext |
||
| 337 |
_2rdamedia _aunmediated |
||
| 338 |
_2rdacarrier _avolume |
||
| 650 | 0 |
_aShorthand _xStudy and teaching (Filipino). |
|
| 710 |
_aMutya Publishing House, Inc. _epublisher. |
||
| 942 |
_2lcc _cF |
||
| 999 |
_c82298 _d82297 |
||